| 000 | 00343nam a2200109Ia 4500 | ||
|---|---|---|---|
| 008 | 171211s9999 xx 000 0 und d | ||
| 245 | _aOpportunity in Crisis: Preventing HIV from Early Adolescence to Young Adulthood | ||
| 245 | _cUnited Nations | ||
| 260 | _c2011 | ||
| 650 | _xBUSINESS | ||
| 856 | _uhttp://down.ebook777.com/062/9280645862.pdf | ||
| 999 |
_c349494 _d349494 |
||